<?xml version="1.0" encoding="UTF-8"?>
<record
    xmlns:xsi="http://www.w3.org/2001/XMLSchema-instance"
    xsi:schemaLocation="http://www.loc.gov/MARC21/slim http://www.loc.gov/standards/marcxml/schema/MARC21slim.xsd"
    xmlns="http://www.loc.gov/MARC21/slim">

  <leader>01426nam a22002777a 4500</leader>
  <controlfield tag="003">NALT</controlfield>
  <controlfield tag="005">20240311094959.0</controlfield>
  <controlfield tag="008">      s2556    th                  tha d</controlfield>
  <datafield tag="040" ind1=" " ind2=" ">
    <subfield code="a">NALT</subfield>
  </datafield>
  <datafield tag="041" ind1="1" ind2=" ">
    <subfield code="a">tha</subfield>
    <subfield code="h">eng</subfield>
  </datafield>
  <datafield tag="050" ind1=" " ind2=" ">
    <subfield code="a">DS 586 </subfield>
    <subfield code="b">&#xE17;815&#xE01; 2556</subfield>
  </datafield>
  <datafield tag="100" ind1="1" ind2=" ">
    <subfield code="a">&#xE41;&#xE17;&#xE19;&#xE41;&#xE19;&#xE21;, &#xE08;&#xE2D;&#xE23;&#xE4C;&#xE08; &#xE40;&#xE04;.</subfield>
    <subfield code="9">24887</subfield>
  </datafield>
  <datafield tag="245" ind1="1" ind2="0">
    <subfield code="a">&#xE01;&#xE32;&#xE23;&#xE15;&#xE48;&#xE2D;&#xE2A;&#xE39;&#xE49;&#xE04;&#xE2D;&#xE21;&#xE21;&#xE34;&#xE27;&#xE19;&#xE34;&#xE2A;&#xE15;&#xE4C;&#xE43;&#xE2B;&#xE49;&#xE16;&#xE39;&#xE01;&#xE27;&#xE34;&#xE18;&#xE35; &#xE25;&#xE2D;&#xE07;&#xE14;&#xE39;&#xE2A;&#xE31;&#xE01;&#xE17;&#xE35;&#xE43;&#xE19;&#xE1B;&#xE23;&#xE30;&#xE40;&#xE17;&#xE28;&#xE44;&#xE17;&#xE22; = </subfield>
    <subfield code="b">Trial in Thailand /</subfield>
    <subfield code="c">by George K. Tanham ; &#xE1E;&#xE25;&#xE40;&#xE2D;&#xE01; &#xE2A;&#xE32;&#xE22;&#xE2B;&#xE22;&#xE38;&#xE14; &#xE40;&#xE01;&#xE34;&#xE14;&#xE1C;&#xE25;, &#xE41;&#xE1B;&#xE25;.</subfield>
  </datafield>
  <datafield tag="260" ind1=" " ind2=" ">
    <subfield code="a">&#xE01;&#xE23;&#xE38;&#xE07;&#xE40;&#xE17;&#xE1E;&#xE2F; : </subfield>
    <subfield code="b">&#xE42;&#xE23;&#xE07;&#xE1E;&#xE34;&#xE21;&#xE1E;&#xE4C;&#xE2D;&#xE31;&#xE01;&#xE29;&#xE23;&#xE2A;&#xE31;&#xE21;&#xE1E;&#xE31;&#xE19;&#xE18;&#xE4C; (1987), </subfield>
    <subfield code="c">2556.</subfield>
  </datafield>
  <datafield tag="300" ind1=" " ind2=" ">
    <subfield code="a">416 &#xE2B;&#xE19;&#xE49;&#xE32; : </subfield>
    <subfield code="b">&#xE20;&#xE32;&#xE1E;&#xE1B;&#xE23;&#xE30;&#xE01;&#xE2D;&#xE1A; ;</subfield>
    <subfield code="c">21 &#xE0B;&#xE21;.</subfield>
  </datafield>
  <datafield tag="650" ind1=" " ind2="4">
    <subfield code="a">&#xE01;&#xE32;&#xE23;&#xE01;&#xE48;&#xE2D;&#xE04;&#xE27;&#xE32;&#xE21;&#xE44;&#xE21;&#xE48;&#xE2A;&#xE07;&#xE1A;</subfield>
    <subfield code="9">24888</subfield>
    <subfield code="z">&#xE44;&#xE17;&#xE22;</subfield>
  </datafield>
  <datafield tag="650" ind1=" " ind2="4">
    <subfield code="a">&#xE04;&#xE27;&#xE32;&#xE21;&#xE0A;&#xE48;&#xE27;&#xE22;&#xE40;&#xE2B;&#xE25;&#xE37;&#xE2D;&#xE17;&#xE32;&#xE07;&#xE17;&#xE2B;&#xE32;&#xE23;&#xE02;&#xE2D;&#xE07;&#xE2A;&#xE2B;&#xE23;&#xE31;&#xE10;&#xE2D;&#xE40;&#xE21;&#xE23;&#xE34;&#xE01;&#xE32;</subfield>
    <subfield code="9">14321</subfield>
  </datafield>
  <datafield tag="650" ind1=" " ind2="4">
    <subfield code="a">&#xE04;&#xE2D;&#xE21;&#xE21;&#xE34;&#xE27;&#xE19;&#xE34;&#xE2A;&#xE15;&#xE4C;</subfield>
    <subfield code="9">5468</subfield>
    <subfield code="x">&#xE44;&#xE17;&#xE22;</subfield>
  </datafield>
  <datafield tag="651" ind1=" " ind2="4">
    <subfield code="9">76</subfield>
    <subfield code="a">&#xE44;&#xE17;&#xE22;</subfield>
    <subfield code="x">&#xE01;&#xE32;&#xE23;&#xE40;&#xE21;&#xE37;&#xE2D;&#xE07;&#xE41;&#xE25;&#xE30;&#xE01;&#xE32;&#xE23;&#xE1B;&#xE01;&#xE04;&#xE23;&#xE2D;&#xE07;</subfield>
  </datafield>
  <datafield tag="653" ind1=" " ind2="4">
    <subfield code="a">&#xE01;&#xE32;&#xE23;&#xE23;&#xE1A;&#xE41;&#xE1A;&#xE1A;&#xE01;&#xE2D;&#xE07;&#xE42;&#xE08;&#xE23;</subfield>
  </datafield>
  <datafield tag="700" ind1="1" ind2=" ">
    <subfield code="a">Tanham, George K. </subfield>
    <subfield code="9">24890</subfield>
  </datafield>
  <datafield tag="700" ind1="0" ind2=" ">
    <subfield code="a">&#xE2A;&#xE32;&#xE22;&#xE2B;&#xE22;&#xE38;&#xE14; &#xE40;&#xE01;&#xE34;&#xE14;&#xE1C;&#xE25;</subfield>
    <subfield code="9">24891</subfield>
  </datafield>
  <datafield tag="850" ind1=" " ind2=" ">
    <subfield code="a">NALT</subfield>
  </datafield>
  <datafield tag="942" ind1=" " ind2=" ">
    <subfield code="c">GB</subfield>
    <subfield code="2">lcc</subfield>
  </datafield>
  <datafield tag="996" ind1=" " ind2=" ">
    <subfield code="a">saiphon.d</subfield>
    <subfield code="b">CATSTF	</subfield>
    <subfield code="c">2024-03-11</subfield>
  </datafield>
  <datafield tag="999" ind1=" " ind2=" ">
    <subfield code="c">70242</subfield>
    <subfield code="d">70242</subfield>
  </datafield>
  <datafield tag="998" ind1=" " ind2=" ">
    <subfield code="j">104</subfield>
    <subfield code="k"> &#xE2A;&#xE32;&#xE22;&#xE1D;&#xE19;  &#xE14;&#xE35;&#xE07;&#xE32;&#xE21;</subfield>
  </datafield>
  <datafield tag="952" ind1=" " ind2=" ">
    <subfield code="0">0</subfield>
    <subfield code="1">0</subfield>
    <subfield code="2">lcc</subfield>
    <subfield code="4">0</subfield>
    <subfield code="7">0</subfield>
    <subfield code="8">CGBL</subfield>
    <subfield code="a">NALT</subfield>
    <subfield code="b">NALT</subfield>
    <subfield code="c">GEN</subfield>
    <subfield code="d">2022-05-31</subfield>
    <subfield code="e">&#xE1A;&#xE23;&#xE34;&#xE08;&#xE32;&#xE04;</subfield>
    <subfield code="o">DS 586 &#xE17;815&#xE01; 2556</subfield>
    <subfield code="p">3961193415</subfield>
    <subfield code="r">2017-06-09 00:00:00</subfield>
    <subfield code="w">2017-06-09</subfield>
    <subfield code="y">GB</subfield>
  </datafield>
</record>
